000 00555nam a22002177a 4500
003 OSt
005 20260410020003.0
008 150324b xxu||||| |||| 00| 0 eng d
020 _a9781405133005
040 _cDDC
082 _222nd ed.
_a547.5 JOU 2010
_bH
100 _aJoule, J.A
_93291
245 _aHeterocyclic chemistry
250 _a5th ed.
260 _aUK;
_bWiley,
_c2010
300 _axvii,689p;
_bcol.ill
_c25cm
504 _aReferences & index included
650 _aChemistry
_9797
700 _aMills K.
_93292
942 _2ddc
_cO_SHELF
_05
999 _c1220
_d1220